| Tag |
First Indicator |
Second Indicator |
Subfields |
| LEADER |
00000cam a2200000 i 4500 |
| 001 |
in00004023621 |
| 005 |
20190422103817.0 |
| 008 |
180519t20182018nyua b 001 0 eng |
| 010 |
|
|
|a 2018019773
|
| 020 |
|
|
|a 9781250184887
|q (hardcover)
|
| 020 |
|
|
|a 1250184886
|
| 020 |
|
|
|z 9781250184900 (ebook)
|
| 020 |
|
|
|z 9781432857509 (large print)
|
| 035 |
|
|
|a (OCoLC)on1016978447
|
| 040 |
|
|
|a DLC
|e rda
|c DLC
|d UtOrBLW
|
| 043 |
|
|
|a n-usp--
|
| 049 |
|
|
|a TXAM
|
| 050 |
0 |
0 |
|a HE5903.W5
|b B64 2018
|
| 082 |
0 |
0 |
|a 388.3/41092278
|2 23
|
| 100 |
1 |
|
|a Boessenecker, John,
|d 1953-
|e author.
|0 http://id.loc.gov/authorities/names/n87857848
|
| 245 |
1 |
0 |
|a Shotguns and stagecoaches :
|b the brave men who rode for Wells Fargo in the Wild West /
|c John Boessenecker.
|
| 250 |
|
|
|a First edition.
|
| 264 |
|
1 |
|a New York :
|b Thomas Dunne Books,
|c [2018]
|
| 264 |
|
4 |
|c ©2018
|
| 300 |
|
|
|a xix, 348 pages :
|b illustrations ;
|c 25 cm.
|
| 336 |
|
|
|a text
|b txt
|2 rdacontent
|
| 337 |
|
|
|a unmediated
|b n
|2 rdamedia
|
| 338 |
|
|
|a volume
|b nc
|2 rdacarrier
|
| 504 |
|
|
|a Includes bibliographical references and index.
|
| 505 |
0 |
|
|a Part 1. The Gold Rush era -- Wells Fargo's pioneer messenger: Pilsbury "Chips" Hodgkins -- The first Wells Fargo detective: Henry Johnson -- From first stage driver to shotgun messenger: Henry C. Ward -- Twelve-gauge justice: Daniel C. Gay -- Part 2. The stage robbery era -- From Pony Express to Wells Fargo: "Shotgun Jimmy" Brown -- The rifleman: Steve Venard -- A shotgun messenger in old Montana: John X. Beidler -- "Honest, faithful & brave": Eugene Blair -- Chief Special Officer: James B. Hume -- Riverman, expressman: Andy Hall -- The man who captured Black Bart: Harry N. Morse -- True grit: Mike Tovey -- Vigilante vengeance: Buck Montgomery -- Double-barreled death: Billy Hendricks -- Part 3. The train robbery era -- "I ain't afraid of any man": Aaron Y. Ross -- Train robbers' nemesis: John N. Thacker -- "Die, damn you!": J. Ernest Smith -- Shotguns and dynamite: Charles F. Charles -- "Send a coffin and a doctor": Jeff Milton -- Fighting wages: David Trousdale -- Epilogue: A legacy squandered.
|
| 520 |
|
|
|a Collects the true tales of the employees who guarded Wells Fargo stagecoaches and trains in the ninteenth century West, detailing stories of thieves, highwaymen and robbers armed with explosives.
|
| 610 |
2 |
0 |
|a Wells, Fargo & Company
|x Employees
|v Biography.
|
| 650 |
|
0 |
|a Stagecoaches
|z West (U.S.)
|x History.
|
| 650 |
|
0 |
|a Coaching (Transportation)
|z West (U.S.)
|x History.
|
| 650 |
|
0 |
|a Stagecoach robberies
|z West (U.S.)
|x History
|y 19th century.
|
| 651 |
|
0 |
|a West (U.S.)
|v Biography.
|0 http://id.loc.gov/authorities/subjects/sh2008113458
|
| 650 |
|
7 |
|a TRANSPORTATION / General.
|2 bisacsh
|
| 653 |
|
|
|a stagecoach drivers
|a stage riders
|a riding shotgun
|
| 945 |
|
|
|b 826401
|
| 947 |
|
|
|a A14850558074
|
| 948 |
|
|
|a cataloged
|b h
|c 2019/1/3
|d c
|e dmitchel
|f 8:00:00 am
|
| 994 |
|
|
|a 92
|b TXA
|
| 999 |
f |
f |
|s f8f3c7d5-e974-3ebc-bb5c-c9d9607869cf
|i b932270b-4320-35dd-92c6-07ff288754c3
|t 0
|
| 952 |
f |
f |
|p normal
|a Texas A&M University
|b College Station
|c Sterling C. Evans Library
|d Evans: Library Stacks
|t 0
|e HE5903.W5 B64 2018
|h Library of Congress classification
|i unmediated -- volume
|m A14850558074
|
| 998 |
f |
f |
|a HE5903.W5 B64 2018
|t 0
|l Evans: Library Stacks
|